| 000 | 00624nam a2200169 i 4500 | ||
|---|---|---|---|
| 001 | bg | ||
| 245 | 0 |
_aWysokoefektywne metody oczyszczania ścieków : _b(materiały na międzynarodową konferencję naukową.) T.2 / _cPolitechnika Krakowska im. Tadeusza Kościuszki. |
|
| 260 |
_aKraków, _c1978. |
||
| 650 | 9 | _aŚcieki | |
| 655 | _aMateriały konferencyjne | ||
| 710 | _bPolitechnika Krakowska im. Tadeusza Kościuszki | ||
| 040 | _cBPK | ||
| 041 | _apol | ||
| 942 | _cKS | ||
| 008 | s pl f |000 0 pol | ||
| 856 |
_uhttp://koha.tu.koszalin.pl/cgi-bin/koha/opac-detail.pl?biblionumber=117 _yKatalog online BPK |
||
| 999 |
_c117 _d117 |
||